Missing Word: Summer Movies 2015 Quiz Stats

 Plays Quiz Updated Mar 17, 2015

Challenge
Share
Tweet
Embed
Score 0/18 Timer 04:00
7 Plays Today
Movie Missing Word % Correct
Pitch _____ 2Perfect
92.9%
_____ Mike XXLMagic
85.4%
_____ FourFantastic
81.1%
Ant-_____Man
76.5%
The Avengers: _____ of UltronAge
76.4%
Jurassic _____World
75.3%
Straight Outta _____Compton
65.5%
Mad Max: Fury _____Road
58.3%
Inside _____Out
51.7%
Movie Missing Word % Correct
_____ TownsPaper
36.5%
Far From the _____ CrowdMadding
32.2%
Mission: Impossible: _____ NationRogue
31.2%
_____ BreakPoint
31.1%
Terminator _____Genisys
30.6%
San _____Andreas
21.9%
Hot _____Pursuit
16.8%
Ricki and the _____Flash
12.5%
The _____ RefueledTransporter
5.5%

Today's Daily Dose

You're not logged in!

Compare scores with friends on all Sporcle quizzes.
OR
Log In

You Might Also Like...

Show Comments

Extras

Top Quizzes Today


Score Distribution

Your Account Isn't Verified!

In order to create a playlist on Sporcle, you need to verify the email address you used during registration. Go to your Sporcle Settings to finish the process.

Report this User

Report this user for behavior that violates our Community Guidelines.

Details: